| 000 | 00886nam a22002537a 4500 | ||
|---|---|---|---|
| 003 | DO-SdBNP | ||
| 005 | 20171205090002.0 | ||
| 008 | 171121b 1959|| |||| 00| 0 spa d | ||
| 040 |
_aBPMSU _bspa _cBPMSU |
||
| 082 |
_axxxxxx _bxxxxxx |
||
| 100 | 1 | _aCalamandrei, Piero | |
| 245 | 1 |
_aCasación civil / _cPiero Calamandrei ; traducción Santiago Sentís Melendo, Marino Ayerra Redín |
|
| 260 |
_aBuenos Aires : _bEdiciones Jurídicas Europa-América, _c1959. |
||
| 300 |
_a258 p. ; _c15 cm. |
||
| 490 | 1 |
_aBreviarios de dercho _v27 |
|
| 500 | _aIncluye índices | ||
| 500 | _aIncluye referencias bibliográficas y notas al pie de las páginas | ||
| 700 | 1 |
_aSentís Melendo, Santiago, _etr. |
|
| 700 | 1 |
_aAyerra Redín, Marino, _etr. |
|
| 830 | 0 |
_aBreviarios de derecho _n27 |
|
| 942 |
_2ddc _cBK |
||
| 945 | _aInventariado extranjero / 2017 VM | ||
| 956 |
_aBTAVAREZ _b10 _c20171121 _d0038 |
||
| 999 |
_c12999 _d12999 |
||